Derecho civil y filosofía del derecho: la libertad en el derecho
Đã lưu trong:
| Tác giả chính: | |
|---|---|
| Định dạng: | Sách |
| Ngôn ngữ: | Tiếng Tây Ban Nha |
| Được phát hành: |
Bogotá
Universidad Externado de Colombia
1998
|
| Loạt: | Teoría Jurídica y Filosofía del Derecho, 8
|
| Những chủ đề: | |
| Các nhãn: |
Thêm thẻ
Không có thẻ, Là người đầu tiên thẻ bản ghi này!
|
MARC
| LEADER | 00000nam a2200000 a 4500 | ||
|---|---|---|---|
| 001 | UCN1721 | ||
| 003 | CL-VaPUC | ||
| 008 | 010504e19980000CK |||||||||||||||||spa|d | ||
| 082 | 0 | 4 | |a 346 |b SCH |2 21 |
| 100 | 0 | |a Schapp, Jan |e author |9 457006 | |
| 245 | 1 | 0 | |a Derecho civil y filosofía del derecho: la libertad en el derecho |
| 300 | |a 99 p | ||
| 942 | |c BK | ||
| 945 | |d 20010504 00:00:00 |a vberengu | ||
| 260 | |a Bogotá |b Universidad Externado de Colombia |c 1998 | ||
| 650 | 0 | |a Libertad |9 255686 | |
| 650 | 7 | |a LIBERTAD CONTRACTUAL |2 CL-VaPUC |9 432140 | |
| 650 | 0 | |a Derecho y libertad |9 384500 | |
| 650 | 0 | |a Derecho civil |9 255013 | |
| 650 | 0 | |a Filosofía del derecho |9 255050 | |
| 583 | |a last modification |c 20010504 00:00:00 |k Rodrigo Vera | ||
| 490 | 0 | |a Teoría Jurídica y Filosofía del Derecho, 8 | |
| 999 | |c 294955 |d 294953 | ||
| 952 | |0 0 |1 0 |4 0 |6 346_000000000000000_SCH_1998 |7 0 |8 DER_TF |9 347723 |a BIBDER |b BIBDER |d 2019-11-20 |i 3712583 |o 346 SCH 1998 |p 3712583 |r 2023-01-25 |w 2019-11-20 |x Ubicación 4to Piso |y BK |z Estos recursos deben solicitarse con anticipación |k DER | ||